[Event "Chennai WinTV op 1st"]
[Site "Chennai"]
[Date "2004.01.30"]
[Round "11"]
[White "Shivkumar, LV."]
[Black "Dinesh, Kumar G"]
[Result "1/2-1/2"]
[WhiteElo "2091"]
[BlackElo "2191"]
[PlyCount "94"]
[EventDate "2004.01.21"]
[EventType "swiss"]
[EventRounds "13"]
[EventCountry "IND"]
[SourceTitle "CBM 098 Extra"]
[Source "ChessBase"]
[SourceDate "2004.03.10"]
[SourceVersion "2"]
[SourceVersionDate "2004.03.10"]
[SourceQuality "1"]

1. Nf3 d5 2. b3 c6 3. Bb2 Bg4 4. g3 Nd7 5. Bg2 e6 6. 0-0 h5 7. h3 Bxf3 8. Bxf3 h4 9. g4 Qg5 10. Bg2 Bd6 11. e3 f5 12. f4 Qg6 13. g5 e5 14. d4 exf4 15. exf4 0-0-0 16. c4 Ne7 17. Nc3 dxc4 18. bxc4 Nc5 19. Qf3 Ne6 20. Ne2 Qf7 21. Ba3 Bc7 22. Bxe7 Qxe7 23. d5 Nc5 24. Nd4 Ne4 25. Nxf5 Qc5+ 26. Qe3 Qxe3+ 27. Nxe3 Ng3 28. Rfe1 Bxf4 29. dxc6 bxc6 30. Nf1 Nxf1 31. Rxf1 Be3+ 32. Kh1 Kc7 33. Rf7+ Rd7 34. Rxd7+ Kxd7 35. Rd1+ Kc7 36. g6 Rb8 37. Re1 Bd4 38. Bf3 Rb4 39. Re4 Rxc4 40. Rxh4 c5 41. Re4 Rc1+ 42. Kh2 Rf1 43. Kg3 Kd6 44. h4 Rg1+ 45. Bg2 Be5+ 46. Kf2 Rd1 47. Ra4 Ke6 1/2-1/2

[Event "Chennai WinTV op 1st"]
[Site "Chennai"]
[Date "2004.01.22"]
[Round "3"]
[White "Roktim, Bandyopadhyay"]
[Black "Shivkumar, LV."]
[Result "1-0"]
[WhiteElo "2352"]
[BlackElo "2091"]
[PlyCount "79"]
[EventDate "2004.01.21"]
[EventType "swiss"]
[EventRounds "13"]
[EventCountry "IND"]
[SourceTitle "CBM 098 Extra"]
[Source "ChessBase"]
[SourceDate "2004.03.10"]
[SourceVersion "2"]
[SourceVersionDate "2004.03.10"]
[SourceQuality "1"]

1. d4 Nf6 2. Nf3 g6 3. c4 Bg7 4. Nc3 0-0 5. g3 d6 6. Bg2 Nbd7 7. 0-0 e5 8. Qc2 c6 9. Rd1 Qc7 10. b3 Re8 11. e3 Rb8 12. Ba3 Bf8 13. Rac1 Qa5 14. Qb2 e4 15. Nd2 d5 16. b4 Qb6 17. b5 Bxa3 18. Qxa3 Nf8 19. Rb1 Bg4 20. bxc6 Qxc6 21. Rdc1 dxc4 22. Qxa7 b5 23. Ndxe4 Nxe4 24. Nxe4 Kg7 25. d5 Qb6 26. Qa3 Nd7 27. Rxc4 bxc4 28. Rxb6 Rxb6 29. h3 Be2 30. Nc3 Bd3 31. Qa7 Rd8 32. e4 Rbb8 33. Qc7 Rbc8 34. Qd6 Nc5 35. Qe5+ Kg8 36. h4 Nd7 37. Qe7 Rb8 38. Bh3 Nb6 39. h5 Re8 40. Qf6 1-0